00638nam a2200169 4500001000700000003000900007005001700016007000300033008004100036100003700077245008700114260006800201300002200269852003200291999001900323952012600342116158ES-MaACL20230906190640.0t|061121s1962 sp r ||||1| spa d0 aParís Eguilaz, Higinio.98914813aEl futuro de España y las comunidades supranacionales / cHiginio Paris Eguilaz. aMadrid : b[s.n.], c1962 (fImp. Suc. de J. Sábchez Ocaña) a220 p. ; c25 cm. aES-MaACLjC-22134 bR.50836 c116158d116158 00104070aATENEOMbATENEOMcGaleríad2008-01-17eSCl0oC-22134p1121132r2023-02-23 00:00:00w2023-02-23yMONOGRAFIA